<?xml version="1.0" encoding="UTF-8"?>
<record
    xmlns:xsi="http://www.w3.org/2001/XMLSchema-instance"
    xsi:schemaLocation="http://www.loc.gov/MARC21/slim http://www.loc.gov/standards/marcxml/schema/MARC21slim.xsd"
    xmlns="http://www.loc.gov/MARC21/slim">

  <leader>01293nab a2200229 i 4500</leader>
  <controlfield tag="001">BPP</controlfield>
  <controlfield tag="003">BPK</controlfield>
  <controlfield tag="005">20160120131818.0</controlfield>
  <controlfield tag="008">160120s1982    pl  |  |     |100 ||pol</controlfield>
  <datafield tag="040" ind1=" " ind2=" ">
    <subfield code="c">BPK</subfield>
  </datafield>
  <datafield tag="080" ind1=" " ind2=" ">
    <subfield code="a">796.012</subfield>
  </datafield>
  <datafield tag="100" ind1=" " ind2=" ">
    <subfield code="a">KRAWIEC, Genowefa.</subfield>
    <subfield code="d">1981 - 1991.</subfield>
    <subfield code="b">Wy&#x17C;sza Szko&#x142;a In&#x17C;ynierska w Koszalinie - Studium Wychowania Fizycznego i Sportu</subfield>
  </datafield>
  <datafield tag="245" ind1=" " ind2=" ">
    <subfield code="a">Dynamika rozwoju fizycznego 14-letniej i 15-letniej mlodzie&#x17C;y ko&#x142;obrzeskiej /</subfield>
    <subfield code="c">Genowefa Krawiec.</subfield>
  </datafield>
  <datafield tag="260" ind1=" " ind2=" ">
    <subfield code="c">1982.</subfield>
  </datafield>
  <datafield tag="500" ind1=" " ind2=" ">
    <subfield code="a">Dane z autopsji.</subfield>
  </datafield>
  <datafield tag="520" ind1=" " ind2=" ">
    <subfield code="a">W niniejszym doniesieniu podj&#x119;to pr&#xF3;b&#x119; prze&#x15B;ledzenia zmian, jakie zachodz&#x105; we wzro&#x15B;cie ch&#x142;opc&#xF3;w i dziewcz&#x105;t 14-letnich i 15-letnich urodzonych w latach 1961-1965, a badanych w latach 1975-1980. Badana m&#x142;odzie&#x17C; ucz&#x119;szcza&#x142;a do Szk&#xF3;&#x142; Podstawowych i Liceum Og&#xF3;lnokszta&#x142;c&#x105;cego w Ko&#x142;obrzegu.</subfield>
  </datafield>
  <datafield tag="650" ind1=" " ind2="0">
    <subfield code="a">M&#x142;odzie&#x17C; - rozw&#xF3;j fizyczny.</subfield>
  </datafield>
  <datafield tag="655" ind1=" " ind2="0">
    <subfield code="a">Materia&#x142;y konferencyjne.</subfield>
  </datafield>
  <datafield tag="711" ind1=" " ind2=" ">
    <subfield code="a">Seminarium : Przyrodnicze podstawy wychowania fizycznego i sportu w uczelniach technicznych</subfield>
    <subfield code="n">(4 ;</subfield>
    <subfield code="d">1981.11.27 ;</subfield>
    <subfield code="c">Koszalin, Polska).</subfield>
  </datafield>
  <datafield tag="773" ind1=" " ind2=" ">
    <subfield code="i">W :</subfield>
    <subfield code="t">Zeszyty Naukowe Wy&#x17C;szej Szko&#x142;y In&#x17C;ynierskiej w Koszalinie. Prace Studium Wychowania Fizycznego i Sportu Uczelni Technicznych. -</subfield>
    <subfield code="g">1982, nr 8, s. 179-185</subfield>
  </datafield>
  <datafield tag="942" ind1=" " ind2=" ">
    <subfield code="c">ART</subfield>
    <subfield code="2">UKD</subfield>
  </datafield>
  <datafield tag="999" ind1=" " ind2=" ">
    <subfield code="c">5143</subfield>
    <subfield code="d">5143</subfield>
  </datafield>
  <datafield tag="952" ind1=" " ind2=" ">
    <subfield code="0">0</subfield>
    <subfield code="1">0</subfield>
    <subfield code="4">0</subfield>
    <subfield code="7">0</subfield>
    <subfield code="a">BPK</subfield>
    <subfield code="b">BPK</subfield>
    <subfield code="o">0153</subfield>
    <subfield code="y">ART</subfield>
  </datafield>
</record>
